000 00649nam a2200217 a 4500
001 4429161
003 OSt
005 20260417101642.0
008 930402s1992 ii 001 0 eng
010 _a 93900193
020 _a817074119X :
040 _c.
082 _a320.8 WEB
100 1 _aWebster, Neil.
245 1 0 _aPanchayati raj and the decentralisation of development planning in West Bengal :
_ba case study /
_cNeil Webster.
260 _aCalcutta :
_bK.P. Bagchi & Co.,
_c1992.
300 _ax, 149 p. ;
_c22 cm.
520 _aRefers to Barddamān District, West Bengal.
650 0 _aLocal government
_zIndia.
942 _2ddc
_cBK
999 _c13576
_d13576